|
|
|
|
| LEADER |
00000nam a2200000 a 4500 |
| 001 |
vtls008740225 |
| 003 |
SK-MaSNL |
| 005 |
20260302042138.0 |
| 008 |
240315s1997 xo slo |
| 020 |
|
|
|a 802240473X
|q (brož.)
|c 100.00
|
| 035 |
|
|
|a POKPOH35382
|
| 035 |
|
|
|a urn:nbn:sk:snk-amkdkc
|
| 035 |
|
|
|a urn:nbn:sk:snk-am008dl6
|
| 035 |
|
|
|a CF430C89-2AEB-43D3-91F9-1851A6A0CD46
|
| 040 |
|
|
|a SNK
|b slo
|c SNK
|e AACR2
|
| 041 |
0 |
|
|a slo
|
| 044 |
|
|
|a xo
|c SK
|
| 080 |
|
|
|a 78.04
|2 1981
|
| 080 |
|
|
|a 51-7
|2 1981
|
| 100 |
1 |
|
|a Berger, Roman,
|d 1930-2020
|4 aut
|9 90463
|
| 245 |
1 |
|
|a Matematika a hudba
|c Roman Berger
|
| 250 |
|
|
|a 1. vyd.
|
| 260 |
|
|
|a Bratislava
|b Veda
|c 1997
|
| 300 |
|
|
|a 214 s. brož.
|
| 650 |
0 |
7 |
|a matematika
|2 POKPOH
|9 70174
|
| 650 |
0 |
7 |
|a počítače
|2 POKPOH
|9 2027
|
| 650 |
0 |
7 |
|a hudba
|2 POKPOH
|9 1063
|
| 655 |
|
7 |
|a štúdie
|2 POKPOH
|9 57033
|
| 700 |
1 |
|
|a Riečan, Beloslav,
|d 1936-2018
|4 aut
|9 222087
|
| 919 |
|
|
|a 80-224-0473-X
|
| 999 |
|
|
|c 1081679
|d 1083609
|
| 952 |
|
|
|t P60, <09>, [BOOK], {629}
|a SNK
|b SNK
|y NEVYP
|7 0
|o snkC 1451
|i snk2804/970619
|0 0
|1 0
|4 0
|d 1997-06-18
|l 0
|r 2005-01-02 00:00:00
|w 2026-02-24
|
| 952 |
|
|
|t P60, <03>, [BOOK], {603}
|a SNK
|b SNK
|y PREZ
|7 0
|p 17A0072533
|o snkSC 93401
|i snkKSP 6253/97
|0 0
|1 0
|4 0
|d 1997-06-18
|f 1
|l 0
|r 2025-09-11 00:00:00
|w 2026-02-24
|
| 952 |
|
|
|t P60, <04>, [BOOK], {604}
|a SNK
|b SNK
|y VYP
|7 0
|p 17A0072532
|o snkSC 93401 D1
|i snkKSP 6254/97
|0 0
|1 0
|4 0
|d 1997-06-18
|l 0
|r 2005-01-02 00:00:00
|w 2026-02-24
|